000 00282nam a22001217a 4500
041 _aENG
100 _aSahay.B.R
245 _aNational Agriculture Policy In The New Millennium
260 _aDelhi
_bAnmol Pub
_c1998
300 _a456
650 _aMath's
856 _uM.Tech ( 7 )
999 _c1095
_d1095